| 000 | 00439nam a2200157Ia 4500 | ||
|---|---|---|---|
| 003 | IQ-KOUCL | ||
| 041 | _aArabic | ||
| 082 | _a810,801 cut-288 ظ | ||
| 100 | _a20260118u\\\\\\\\\\\y0engy0103\\\\ba | ||
| 100 | _aميثاق طالب كاظم الظالمي | ||
| 245 | 0 | _aتعليم الحكمة | |
| 250 | _aط1 | ||
| 260 |
_bدار الولاء لصناعة النشر _aبيروت - لبنان _c2024 |
||
| 300 | _a205 | ||
| 942 | _cBk | ||
| 999 |
_c187412 _d187412 |
||